000
00267nam a22001217a 4500
008
170412b xxu||||| |||| 00| 0 eng d
041
_a
eng
080
_a
612.39
100
_a
10
101
_a
SHM
245
_a
WILL THERE BE ENOUGH FOOD?
_c
HAYES, J
942
_2
udc
_c
BK
999
_c
10474
_d
10474